000 00498nam a2200193 a 4500
001 1769763991159
003 YourLibrary
005 20260131161944.0
008 260130s2008##################000#0#eng##
020 _a9781427796721
082 0 4 _a332.024
_bLAW
100 1 _aLawrence, Judy,
_eauthor.
245 1 0 _aThe Budget Kit :
260 _bKaplan Publishing,
_c2008.
300 _a224 pages
650 0 _aBusiness & Economics.
942 _cENGLISH
040 _aYourLibrary
_beng
_cYourLibrary
999 _c609536
_d609536